| 000 | 00427cam a2200169ua 4500 | ||
|---|---|---|---|
| 020 | _c180.00 | ||
| 041 |
_aeng _h |
||
| 082 |
_a005.43 _bPRA/AD |
||
| 100 | _aPrata, Stephen . | ||
| 245 |
_aAdvanced Unix: A programmer`s guide / _cStephen Prata. _hTextual Documents |
||
| 260 |
_aNew Delhi : _bB P B Publishers , _c1986. |
||
| 300 | _a484 ; . | ||
| 365 | _a180.00 | ||
| 504 | _a | ||
| 942 | _cBK | ||
| 999 |
_c9821 _d9821 |
||